000 00462nam a2200181Ia 4500
001 13351
005 20260306164755.0
008 260306t2003||||xx |||||||||||||| ||spa||
041 _aESP
082 _a001.42
_bU61P
100 _aUniversidad Católica de Santa María
_eAUT
245 0 _aProducción intelectual en la misión docente
260 _c2003
300 _a134 páginas :
_c29 cm.
650 _aGEN
654 _aCHU
942 _cLIB
_dJUS
_fJUS
_2ddc
_n
999 _c13351
_d13351